000 00317 a2200145 4500
001 185308
020 _a
040 _cMagnum
100 _aRegina, Tia
240 1 0 _aO iara / a vitória-régia
_lpor
245 1 0 _aO iara / a vitória-régia
300 _a15
697 _aLITERATURA INFANTO-JUVENIL
942 _cBK
999 _c185308
_d185308